000 00473nam a2200181Ia 4500
003 OSt
005 20260119142846.0
008 210210b xxu||||| |||| 00| 0 eng d
040 _cAL
041 _aKannada
082 _a859/289
100 _aKALYANASUNDARA
_9148847
_dಕಲ್ಯಾಣಸುಂದರ
245 _aSnehadrashti:
_bಸ್ನೇಹದೃಷ್ಠಿ
260 _aBengaluru
_b-
690 _aKannada Fiction
_9148848
906 _a021162
942 _2ddc
_cBK
999 _c145224
_d145224